000 02166nam a2200445 c 4500
003 BLK
005 20220530153410.0
008 180409b bul|||||r ||||||| ||bul||
010 _aKNG00136741000
020 _a978-954-535-716-9
_bиздат.: Нов бълг. унив.
040 _aBLK
041 _aBUL
_cBUL
072 7 _2bullib
_aН32
_xПолитика Н
080 _aЕвропейски съюз - политически аспекти
_b327.7:061.1ЕС
_x(075.8)
_z327.7:061.1ЕС(075.8)
080 _aЦивилизация. Култура. Прогрес. История на културата вж 930.85
_b008
_x(4)(075.8)
_z008(4)(075.8)
080 _aОбразователна политика. Образование и общественост
_b37.014
_x(4)(075.8)
_z37.014(4)(075.8)
100 1 _aБлагоева-Хазърбасанова, Елена
_eпърви автор
_9322501
139 _aБлагоева-Хазърбасанова, Елена
_bБ 47
245 1 0 _aПолитиките на Европейския съюз в областта на образованието и културата
_bСъщност и управление
_cЕлена Благоева-Хазърбасанова.
257 _aBGR
260 София
_bНов бълг. унив.
_c2012
300 _a207 с.
_c21 см
380 _a3
500 _aСъдържа и за авт. - Библиогр. с. 205-207.
650 4 _aЕвропейски съюз - културна политика
_9322502
650 4 _aЕвропейски съюз - образование
_9322503
650 4 _aКултурно сътрудничество - Европа
_9322504
650 4 _aОбразователна политика
_9316127
651 4 _aЕвропейски съюз
_9258188
653 _aЕвропейски съюз
653 _aобразователна политика
653 _aкултурна политика
653 _aучебници за ВУЗ
659 _aН
852 _aЦб 257252
856 4 _qpdf
_u
856 4 _qpdf
_u
942 _cKNG
_n0
_02
944 _aCR
_c07.08.2007
_lф /
_kПенка_Димитрова
944 _aED
_c03.09.2014
_lф /
_k
999 _c130943
_d130943